| 000 | 00449cam a2200193ua 4500 | ||
|---|---|---|---|
| 001 | 9211 | ||
| 005 | 20260515114436.0 | ||
| 008 | 150224n xxk |||gr||||Z||||||eng | ||
| 040 | _cMAIN | ||
| 041 | _aeng | ||
| 082 | _a381.03 | ||
| 100 |
_aGreener, M., _eEditor. |
||
| 245 | 1 |
_aPenguin dictionary of commerce _cEdited by M. Greener |
|
| 250 | _a1st. | ||
| 260 |
_aLondon: _bPenguin, _c1970. |
||
| 300 | _a348p. | ||
| 653 | _aCommerce | ||
| 942 | _cBK | ||
| 999 |
_c8273 _d8273 |
||